[Event "Mittelfrank Regionalliga Sud-Ost 2223"]
[Site "Mittelfranken"]
[Date "2023.04.23"]
[Round "9.8"]
[White "Stoib, Marinus"]
[Black "Kreutner, Maximilian"]
[Result "1-0"]
[WhiteElo "1829"]
[BlackElo "1941"]
[PlyCount "77"]
[EventDate "2022.10.09"]
[EventType "team-tourn"]
[EventRounds "9"]
[EventCountry "GER"]
[SourceTitle "EXT 2024"]
[Source "ChessBase"]
[SourceDate "2023.10.10"]
[SourceVersion "1"]
[SourceVersionDate "2023.10.10"]
[SourceQuality "1"]
[WhiteTeam "Tegernsee"]
[BlackTeam "Passau II"]
[WhiteTeamCountry "GER"]
[BlackTeamCountry "GER"]

1. Nf3 d5 2. g3 Nf6 3. Bg2 e6 4. 0-0 Be7 5. d3 0-0 6. Nbd2 Nbd7 7. b3 c5 8. Bb2 Qc7 9. e4 d4 10. a4 b6 11. Nc4 Bb7 12. Ba3 Rfe8 13. Bc1 Nf8 14. Ne1 a6 15. a5 b5 16. Bf4 Qd8 17. Nb6 Ra7 18. g4 N6d7 19. Nxd7 Nxd7 20. Bg3 e5 21. f4 exf4 22. Bxf4 Bf6 23. Nf3 Ne5 24. g5 Nxf3+ 25. Qxf3 Be7 26. Bc7 Qa8 27. Qxf7+ Kh8 28. Bb6 Bc6 29. Bxa7 Qxa7 30. e5 Qb7 31. Bxc6 Qxc6 32. Qxe7 Qc8 33. Qf7 Qg4+ 34. Kh1 Rg8 35. Rg1 Qc8 36. Rae1 Rf8 37. Qd5 Qh3 38. e6 g6 39. e7 1-0

[Event "GER-chT U16"]
[Site "Willingen"]
[Date "2021.06.26"]
[Round "6.10"]
[White "Kogan, Gabriel"]
[Black "Stoib, Marinus"]
[Result "1-0"]
[WhiteElo "1535"]
[BlackElo "1680"]
[PlyCount "101"]
[EventDate "2021.06.23"]
[EventType "team-swiss"]
[EventRounds "7"]
[EventCountry "GER"]
[SourceTitle "CBM 203 Extra"]
[Source "ChessBase"]
[SourceDate "2021.09.30"]
[SourceVersion "1"]
[SourceVersionDate "2021.09.30"]
[SourceQuality "1"]
[WhiteTeam "Porz SG"]
[BlackTeam "Tegernsee"]
[WhiteTeamCountry "GER"]
[BlackTeamCountry "GER"]

1. e4 d5 2. exd5 Qxd5 3. Nc3 Qd6 4. d4 Nf6 5. Nf3 c6 6. Ne5 Qd8 7. Bf4 Bf5 8. Be2 e6 9. Bf3 Bb4 10. a3 Ba5 11. Nc4 Bc7 12. Bxc7 Qxc7 13. 0-0 0-0 14. Qe2 Nbd7 15. Rad1 Rfe8 16. Rfe1 h6 17. Ne4 Nd5 18. Ned6 Rf8 19. Nxf5 exf5 20. Qd3 g6 21. Bxd5 cxd5 22. Ne5 Nxe5 23. Rxe5 Rad8 24. Rde1 Kg7 25. Qb3 Qc6 26. h3 Rd6 27. Re7 Rd7 28. R7e5 Rc8 29. c3 Rcc7 30. h4 Kf6 31. Qc2 Re7 32. Qe2 Re6 33. Qe3 Kg7 34. Rxe6 fxe6 35. Qxe6 Qxe6 36. Rxe6 Rd7 37. Kf1 Kf7 38. Re5 Kf6 39. Ke2 g5 40. hxg5+ hxg5 41. g3 Rd6 42. Kd3 Rb6 43. Kc2 Rd6 44. b3 g4 45. Kd3 Rb6 46. Kc2 Rd6 47. a4 Rd7 48. Kd3 Rh7 49. Rxd5 Rh2 50. Ke3 Rh7 51. Kf4 1-0

[Event "GER-chT U16"]
[Site "Willingen"]
[Date "2021.06.26"]
[Round "5.7"]
[White "Stoib, Marinus"]
[Black "Hartwig, Eric Jordan"]
[Result "1-0"]
[WhiteElo "1680"]
[BlackElo "1368"]
[PlyCount "59"]
[EventDate "2021.06.23"]
[EventType "team-swiss"]
[EventRounds "7"]
[EventCountry "GER"]
[SourceTitle "CBM 203 Extra"]
[Source "ChessBase"]
[SourceDate "2021.09.30"]
[SourceVersion "1"]
[SourceVersionDate "2021.09.30"]
[SourceQuality "1"]
[WhiteTeam "Tegernsee"]
[BlackTeam "Muenster 32"]
[WhiteTeamCountry "GER"]
[BlackTeamCountry "GER"]

1. d4 Nf6 2. c4 e6 3. Nc3 Bb4 4. Qc2 c5 5. dxc5 Bxc5 6. Nf3 Nc6 7. Bg5 h6 8. Bh4 Nd4 9. Nxd4 Bxd4 10. 0-0-0 Be5 11. f3 g5 12. Bf2 a6 13. g4 Qc7 14. h4 Nh7 15. e3 Nf8 16. Ne4 b5 17. hxg5 hxg5 18. Rxh8 Bxh8 19. Nd6+ Ke7 20. Bg3 Qc6 21. Bg2 Qc5 22. Kb1 e5 23. f4 Rb8 24. Qf5 f6 25. fxe5 Qxe3 26. exf6+ Bxf6 27. Re1 Qxe1+ 28. Bxe1 Kxd6 29. Qxf6+ Ne6 30. Bg3+ 1-0

[Event "DSOL 03 Liga Gr-A 1st"]
[Site "Playchess.com INT"]
[Date "2020.08.14"]
[Round "2.1"]
[White "Stoib, Marinus"]
[Black "Serreck, Uwe"]
[Result "0-1"]
[WhiteElo "1747"]
[BlackElo "1889"]
[PlyCount "34"]
[EventDate "2020.06.22"]
[EventType "team-tourn (rapid)"]
[EventCountry "GER"]
[SourceTitle "EXT 2021"]
[Source "ChessBase"]
[SourceDate "2020.10.23"]
[SourceVersion "1"]
[SourceVersionDate "2020.10.23"]
[SourceQuality "1"]
[WhiteTeam "Tegernsee"]
[BlackTeam "Barsinghausen"]
[WhiteTeamCountry "GER"]
[BlackTeamCountry "GER"]

1. d4 g6 2. c4 Nf6 3. Nc3 Bg7 4. e4 d6 5. Nf3 0-0 6. Be2 e5 7. Bg5 h6 8. dxe5 hxg5 9. exf6 Bxf6 10. Qc2 Nc6 11. 0-0-0 g4 12. Nd2 Nd4 13. Qd3 c5 14. Nd5 Bg7 15. h3 gxh3 16. gxh3 Be6 17. Nf4 Qf6 0-1

[Event "DSOL 03 Liga Gr-A 1st"]
[Site "Playchess.com INT"]
[Date "2020.07.29"]
[Round "6.4"]
[White "Simon, Manuel"]
[Black "Stoib, Marinus"]
[Result "1-0"]
[WhiteElo "1536"]
[BlackElo "1747"]
[PlyCount "33"]
[EventDate "2020.06.22"]
[EventType "team-tourn (rapid)"]
[EventCountry "GER"]
[SourceTitle "EXT 2021"]
[Source "ChessBase"]
[SourceDate "2020.10.23"]
[SourceVersion "1"]
[SourceVersionDate "2020.10.23"]
[SourceQuality "1"]
[WhiteTeam "Moembris"]
[BlackTeam "Tegernsee"]
[WhiteTeamCountry "GER"]
[BlackTeamCountry "GER"]

1. e4 d5 2. exd5 Qxd5 3. Nc3 Qd6 4. d4 Nf6 5. Nf3 c6 6. Bc4 Bg4 7. Be3 e6 8. h3 Bh5 9. Qe2 Qc7 10. 0-0-0 Bb4 11. g4 Bg6 12. Bd2 Nbd7 13. Ng5 Bxc3 14. Bxc3 h6 15. Nf3 Nd5 16. Bd2 c5 17. Bxd5 1-0

[Event "DSOL 03 Liga Gr-A 1st"]
[Site "Playchess.com INT"]
[Date "2020.06.24"]
[Round "1.3"]
[White "Stoib, Marinus"]
[Black "Schulz, Bernd"]
[Result "0-1"]
[WhiteElo "1747"]
[BlackElo "1798"]
[PlyCount "100"]
[EventDate "2020.06.22"]
[EventType "team-tourn (rapid)"]
[EventCountry "GER"]
[SourceTitle "EXT 2021"]
[Source "ChessBase"]
[SourceDate "2020.10.23"]
[SourceVersion "1"]
[SourceVersionDate "2020.10.23"]
[SourceQuality "1"]
[WhiteTeam "Tegernsee"]
[BlackTeam "Wismar ASV Gruen-Weiss"]
[WhiteTeamCountry "GER"]
[BlackTeamCountry "GER"]

1. d4 d5 2. c4 e6 3. Nc3 Nf6 4. cxd5 exd5 5. Bg5 Be7 6. e3 c6 7. Bd3 h6 8. Bh4 0-0 9. Nf3 Bg4 10. 0-0 Ne4 11. Bxe7 Qxe7 12. Kh1 Nd7 13. Qc2 Nxc3 14. bxc3 Rfe8 15. Rg1 Qf6 16. Raf1 Re6 17. Be2 Bf5 18. Qb2 Rb8 19. c4 dxc4 20. Bxc4 Re7 21. Bd3 Bxd3 22. Rd1 Be4 23. Nd2 Qxf2 24. Rdf1 Qxe3 25. Re1 Qd3 26. Nxe4 Rxe4 27. Rd1 Qb5 28. Qc2 Qd5 29. Qf2 Nf6 30. Rgf1 Rbe8 31. Qg3 Rxd4 32. Rb1 Rg4 33. Qf2 Qd4 34. Qc2 Re7 35. Rbd1 Qe4 36. Qf2 Qg6 37. Rd2 a6 38. Qb6 Rge4 39. Rdd1 Re2 40. Rg1 Nd5 41. Qd4 Qe4 42. Qa7 Qc2 43. Qb8+ Kh7 44. Qg3 R7e3 45. Qh4 Qe4 46. Qd8 Re1 47. Qa5 Rxd1 48. Rxd1 Nb4 49. Rg1 Nd3 50. Qd2 Re2 0-1